Lenguajes : (Record no. 211042)

MARC details
000 -CABECERA
campo de control de longitud fija 01019cam a22002777a 4500
003 - IDENTIFICADOR DEL NÚMERO DE CONTROL
campo de control MX-MxUPN
005 - FECHA Y HORA DE LA ÚLTIMA TRANSACCIÓN
campo de control 20240313092855.0
008 - ELEMENTOS DE LONGITUD FIJA--INFORMACIÓN GENERAL
campo de control de longitud fija 240222s2023 mx|ao||cr|||| 000 0 spa d
020 ## - NÚMERO INTERNACIONAL NORMALIZADO PARA LIBROS
Número Internacional Estándar del Libro 9786075790954
040 ## - FUENTE DE LA CATALOGACIÓN
Centro catalogador/agencia de origen MX-MxUPN
Lengua de catalogación spa
041 0# - CÓDIGO DE IDIOMA
Código de lengua del texto/banda sonora o título independiente spa
050 ## - SIGNATURA TOPOGRÁFICA DE LA BIBLIOTECA DEL CONGRESO
Número de clasificación LB1633 M62
Número de documento/Ítem L46 2023
245 00 - MENCIÓN DE TÍTULO
Título Lenguajes :
Resto del título segundo grado
250 ## - MENCIÓN DE EDICIÓN
Mención de edición Primera edición
260 ## - PUBLICACIÓN, DISTRIBUCIÓN, ETC.
Lugar de publicación, distribución, etc. Ciudad de México :
Nombre del editor, distribuidor, etc. Secretaría de Educación Pública, Dirección General de Materiales Educativos,
Fecha de publicación, distribución, etc. 2023
300 ## - DESCRIPCIÓN FÍSICA
Extensión 314 páginas :
Otras características físicas ilustraciones, fotografías
490 0# - MENCIÓN DE SERIE
Mención de serie Colección Sk'asolil
650 #4 - ASIENTO SECUNDARIO DE MATERIA - TERMINO TEMATICO
Término de materia o nombre geográfico como elemento de entrada Nueva Escuela Mexicana
9 (RLIN) 51254
650 #4 - ASIENTO SECUNDARIO DE MATERIA - TERMINO TEMATICO
9 (RLIN) 7237
Término de materia o nombre geográfico como elemento de entrada Español
Subdivisión general Estudio y enseñanza (Secundaria)
650 #4 - ASIENTO SECUNDARIO DE MATERIA - TERMINO TEMATICO
9 (RLIN) 51267
Término de materia o nombre geográfico como elemento de entrada Indígenas de México
Subdivisión general Lenguas
-- Estudio y enseñanza (Secundaria)
650 #4 - ASIENTO SECUNDARIO DE MATERIA - TERMINO TEMATICO
9 (RLIN) 17036
Término de materia o nombre geográfico como elemento de entrada Español
Subdivisión de forma Libros de texto
650 #4 - ASIENTO SECUNDARIO DE MATERIA - TERMINO TEMATICO
9 (RLIN) 51266
Término de materia o nombre geográfico como elemento de entrada Indígenas de México
Subdivisión general Lenguas
Subdivisión de forma Libros de texto
902 ## - ELEMENTOS DE DATOS B LOCAL, LDB (RLIN)
Creó GCH220224
Modificó VíctorGodínez/040324
942 ## - ELEMENTOS DE PUNTO DE ACCESO ADICIONAL (KOHA)
Fuente del sistema de clasificación o colocación Library of Congress Classification
Tipo de ítem Koha Libro
Holdings
Estado de retiro Estado de pérdida Fuente del sistema de clasificación o colocación Estado dañado No para préstamo Código de colección Localización permanente Ubicación/localización actual Ubicación en estantería Fecha de adquisición Clasificación Código de barras Fecha visto por última vez Precio válido a partir de Tipo de ítem Koha Número de copia
    Library of Congress Classification   Disponible (Préstamo en sala) Libros de texto gratuitos Bib. Gregorio Torres Quintero Bib. Gregorio Torres Quintero Colecciones especiales Planta alta 22/02/2024 LB1633 M62 L46 2023 338150 22/02/2024 22/02/2024 Libro  
    Library of Congress Classification   Disponible (Préstamo en sala) Libros de texto gratuitos Bib. Gregorio Torres Quintero Bib. Gregorio Torres Quintero Colecciones especiales Planta alta 22/02/2024 LB1633 M62 L46 2023 338169 22/02/2024 22/02/2024 Libro Ej.2
    Library of Congress Classification   Disponible (Préstamo en sala) Libros de texto gratuitos Bib. Gregorio Torres Quintero Bib. Gregorio Torres Quintero Colecciones especiales Planta alta 22/02/2024 LB1633 M62 L46 2023 338188 23/02/2024 22/02/2024 Libro Ej.3